Kamelot albums - Statistics

General Stats
  • This quiz has been taken 9 times
  • The average score is 10 of 12
Answer Stats
Year Album % Correct
2012 Silverthorn
100%
2005 The Black Halo
100%
2003 Epica
88%
2007 Ghost Opera
88%
2015 Haven
88%
2001 Karma
88%
2018 The Shadow Theory
88%
1997 Dominion
75%
2010 Poetry for the Poisoned
75%
1999 The Fourth Legacy
75%
1995 Eternity
63%
1998 Siége Perilous
63%
No matching quizzes found
Score Distribution
Percent of People with Each Score
Percentile by Number Answered
Your Score History
You have not taken this quiz